000 00467nam a22001817a 4500
003 CEME
005 20210628203405.0
008 210305b xxu||||| |||| 00| 0 eng d
020 _a0-14-062054-0
040 _c.
082 _a808.83 AUS
100 _aAusten, Jane
_948924
245 _aPersuasion
260 _aNEW YORK
_bISLAMIC PUBLICATIONS
_c1994
300 _a254P
650 _aENGLISH LITERATURE-FICTION.PENGUINE POPULAR CLASSIC
_964803
942 _cBK
_2ddc
999 _c573447
_d573447